00789pam a2200253 a 4500001000800000005001700008008004100025010001700066020001500083040002300098041000800121060001700129080001200146082001900158100000600177101000800183245008800191504004100279740003000320906004500350942001200395999001700407952011100424291090720180104081904.0880722s1990 paua b 001 0 eng c a 88023827  a0721622291 aDNLM/DLCcDLCdDLC aeng aWS 100 T3553 a618.92 00a618.92 NEL219 a8 aPED00aNelson essentials of pediatrics /c[edited by] Richard E. Behrman, Robert Kliegman. aIncludes bibliographical references.0 aEssentials of pediatrics. a7bcbccorignewd1eocipf19gy-gencatlg 2ddccBK c39751d39751 00102udc40708PËKGa002b002cGENd2018-01-04l0o618.92 NELp002-2994350r2018-01-04w2018-01-04yBK